POBLES DE L'ALT URGELL - Estadísticas

Estadísticas generales
  • Esta prueba ha sido intentada 33 veces
  • La puntuación promedio es 10 de 19
Estadísticas de respuestas
INICIAL MUNICIPI % Correcto
S la Seu d'Urgell
100%
O Organyà
71%
A Arsèguel
57%
B Bassella
57%
C Cabó
57%
C Coll de Nargó
57%
E Estamariu
57%
J Josa i Tuixén
57%
V les Valls d'Aguilar
57%
V les Valls de Valira
57%
O Oliana
57%
A Alas i Cerc
43%
P el Pont de Bar
43%
F Fígols i Alinyà
43%
M Montferrer i Castellbó
43%
P Peramola
43%
R Ribera d'Urgellet
43%
C Cava
29%
V la Vansa i Fórnols
29%
No se encontraron pruebas coincidentes
Distribución de puntuación
Porcentaje de gente con cada puntuación
Porcentaje por número respondido
Historial de tus puntuaciones
No has intentado esta prueba.